Voľby do orgánov samosprávnych krajov - princíp volebného práva

Analýza ústavnej a zákonnej úpravy volieb do orgánov samosprávnych krajov. Princípy volebného práva zakotvené najmä v čl. 30 ods. 3 zákona č. 460/1992 Zb. Ústavy SR v znení neskorších predpisov a v zákone č. 303/2001 Z.z. o voľbách do orgánov samosprávnych krajov a o doplnení Občianskeho súdneho por...

Descripción completa

Guardado en:
Detalles Bibliográficos
Autor principal: Magurová, Hana, 1986-
Formato: Capítulo de libro
Lenguaje:eslovaco
Materias:
Etiquetas: Agregar Etiqueta
Sin Etiquetas, Sea el primero en etiquetar este registro!

MARC

LEADER 00000naa$a2200000$$$4500
001 0219531
005 20240502073621.9
041 0 |a slo 
044 |a SK 
245 1 0 |a Voľby do orgánov samosprávnych krajov - princíp volebného práva  |c Hana Magurová 
520 |a Analýza ústavnej a zákonnej úpravy volieb do orgánov samosprávnych krajov. Princípy volebného práva zakotvené najmä v čl. 30 ods. 3 zákona č. 460/1992 Zb. Ústavy SR v znení neskorších predpisov a v zákone č. 303/2001 Z.z. o voľbách do orgánov samosprávnych krajov a o doplnení Občianskeho súdneho poriadku v znení neskorších predpisov. 
610 2 0 |a právo volebné 
610 2 0 |a zákony 
610 2 0 |a ústava 
610 2 0 |a kraje 
610 2 0 |a samospráva 
610 2 0 |a Slovensko 
100 1 |a Magurová, Hana, 1986-